In place of the forest : environmental and socio-economic transformation in Borneo and the eastern Malay Peninsula (Record no. 320941)

000 -LEADER
fixed length control field 00536 a2200157 4500
001 - CONTROL NUMBER
control field 85868
003 - CONTROL NUMBER IDENTIFIER
control field NUST
005 - DATE AND TIME OF LATEST TRANSACTION
control field 20180121141108.0
008 - FIXED-LENGTH DATA ELEMENTS--GENERAL INFORMATION
fixed length control field 180121b xxu||||| |||| 00| 0 eng d
020 ## - INTERNATIONAL STANDARD BOOK NUMBER
International Standard Book Number 9280808931
082 ## - DEWEY DECIMAL CLASSIFICATION NUMBER
Classification number 333.7151370 BRO
100 ## - MAIN ENTRY--PERSONAL NAME
Personal name H C Brookfield ; Yvonne Byron ; Lesley M Potter
9 (RLIN) 9351
245 ## - TITLE STATEMENT
Title In place of the forest : environmental and socio-economic transformation in Borneo and the eastern Malay Peninsula
Medium English
250 ## - EDITION STATEMENT
Edition statement 1st
260 ## - PUBLICATION, DISTRIBUTION, ETC.
Place of publication, distribution, etc. Tokyo
Name of publisher, distributor, etc. United Nations University Press
Date of publication, distribution, etc. 1995
300 ## - PHYSICAL DESCRIPTION
Extent xiv, 310 p.
500 ## - GENERAL NOTE
General note Gifted By AM Masood Akhtar
942 ## - ADDED ENTRY ELEMENTS (KOHA)
Institution code [OBSOLETE] caenust
Koha item type Book
Call number prefix 333.7151370 BRO
Source of classification or shelving scheme
Holdings
Withdrawn status Lost status Damaged status Not for loan Collection code Permanent Location Current Location Date acquired Total Checkouts Full call number Barcode Date last seen Price effective from Koha item type
          College of Aeronautical Engineering (CAE) College of Aeronautical Engineering (CAE) 04/03/2017   333.7151370 BRO CAEG-9716 04/05/2017 04/05/2017 Book
© 2023 Central Library, National University of Sciences and Technology. All Rights Reserved.